Loading...

Media ethics : cases and moral reasoning /

Bibliographic Details
Main Author: Clifford G. Christians
Other Authors: Mark Fackler, Kathy Brittain Richardson, Peggy J. Kreshel, Robert H. Woods
Format: Printed Book
Published: London: Routledge, 2017.
Edition:Tenth edition.
Subjects:
LEADER 00956cam a2200253 i 4500
020 |a 9781138672383 (hardback) 
020 |a 9780205897742 (pbk.) 
082 0 0 |a 175  |b CLI/M 
100 1 |a Clifford G. Christians  |9 24030 
245 1 0 |a Media ethics :  |b cases and moral reasoning /  |c by Clifford G. Christians, Mark Fackler, Kathy Brittain Richardson, Peggy J. Kreshel, and Robert H. Woods, Jr. 
250 |a Tenth edition. 
260 |a London:  |b Routledge,  |c 2017. 
300 |a xv, 405 pages ; 
650 0 |a Mass media  |9 24031 
650 0 |a Ethics of Recreation  |9 24032 
650 0 |a Ethics  |9 24033 
650 0 |a Philosophy  |9 24034 
700 |a Mark Fackler  |9 24035 
700 |a Kathy Brittain Richardson  |9 24036 
700 |a Peggy J. Kreshel  |9 24037 
700 |a Robert H. Woods  |9 24038 
942 |c BK 
999 |c 68609  |d 68609 
952 |0 0  |1 0  |4 0  |6 175_000000000000000_CLI_M  |7 0  |9 89057  |a SSUS  |b SSUS  |c REF  |d 2017-11-14  |g 7326.14  |o 175 CLI/M  |p 086071  |r 2017-11-14  |w 2017-11-14  |y REF